[Event "SVK-chT1E 2223"]
[Site "Slovakia"]
[Date "2022.12.03"]
[Round "5.7"]
[White "Paluch, Stefan"]
[Black "Dibala, Radovan"]
[Result "1/2-1/2"]
[WhiteElo "1629"]
[BlackElo "1863"]
[PlyCount "21"]
[EventDate "2022.10.15"]
[EventType "team-tourn"]
[EventRounds "11"]
[EventCountry "SVK"]
[SourceTitle "EXT 2024"]
[Source "ChessBase"]
[SourceDate "2023.10.10"]
[SourceVersion "1"]
[SourceVersionDate "2023.10.10"]
[SourceQuality "1"]
[WhiteTeam "Dunajov Martin"]
[BlackTeam "Dunajov Martin II"]
[WhiteTeamCountry "SVK"]
[BlackTeamCountry "SVK"]

1. d4 Nf6 2. Nf3 g6 3. c4 Bg7 4. Nc3 d6 5. e4 0-0 6. Bg5 h6 7. Bh4 c6 8. Be2 Nbd7 9. 0-0 Qc7 10. Qd2 e5 11. Bg3 1/2-1/2

[Event "SVK-chT2C 2122"]
[Site "Slovakia"]
[Date "2022.03.27"]
[Round "9.6"]
[White "Klein, Peter"]
[Black "Dibala, Radovan"]
[Result "1/2-1/2"]
[WhiteElo "1939"]
[BlackElo "1893"]
[PlyCount "54"]
[EventDate "2021.10.16"]
[EventType "team-tourn"]
[EventRounds "11"]
[EventCountry "SVK"]
[SourceTitle "EXT 2023"]
[Source "ChessBase"]
[SourceDate "2022.10.05"]
[SourceVersion "1"]
[SourceVersionDate "2022.10.05"]
[SourceQuality "1"]
[WhiteTeam "Filakovo"]
[BlackTeam "Dunajov III"]
[WhiteTeamCountry "SVK"]
[BlackTeamCountry "SVK"]

1. e4 e6 2. d4 d5 3. Nd2 Nf6 4. e5 Nfd7 5. Bd3 c5 6. c3 Nc6 7. Ne2 a6 8. 0-0 Be7 9. f4 b5 10. f5 exf5 11. Bxf5 Nf8 12. Bc2 cxd4 13. cxd4 Bg4 14. Nf3 Ne6 15. Be3 Rc8 16. h3 Bh5 17. Bf5 0-0 18. Nf4 Bxf3 19. Rxf3 Ncxd4 20. Bxd4 Nxd4 21. Bxc8 Nxf3+ 22. Qxf3 Qxc8 23. Nxd5 Qc5+ 24. Kh1 Bd8 25. Rf1 Bc7 26. b4 Qa7 27. e6 Bd6 1/2-1/2

[Event "SVK-chT2C 2122"]
[Site "Slovakia"]
[Date "2022.03.06"]
[Round "6.5"]
[White "Priechodsky, Radovan"]
[Black "Dibala, Radovan"]
[Result "1-0"]
[WhiteElo "1981"]
[BlackElo "1893"]
[PlyCount "59"]
[EventDate "2021.10.16"]
[EventType "team-tourn"]
[EventRounds "11"]
[EventCountry "SVK"]
[SourceTitle "EXT 2023"]
[Source "ChessBase"]
[SourceDate "2022.10.05"]
[SourceVersion "1"]
[SourceVersionDate "2022.10.05"]
[SourceQuality "1"]
[WhiteTeam "Liptov Chess School III"]
[BlackTeam "Dunajov III"]
[WhiteTeamCountry "SVK"]
[BlackTeamCountry "SVK"]

1. c4 Nf6 2. Nc3 g6 3. g3 Bg7 4. Bg2 0-0 5. Nf3 d6 6. 0-0 e5 7. d4 Nbd7 8. dxe5 dxe5 9. e4 c6 10. b3 Qa5 11. Qc2 Re8 12. a3 Nf8 13. Be3 Ng4 14. Bd2 Qc7 15. h3 Nf6 16. Be3 b6 17. b4 Ba6 18. Qb3 Rad8 19. Rfd1 Rc8 20. Rac1 Qb8 21. b5 Bb7 22. Nd2 Ne6 23. bxc6 Rxc6 24. Nd5 Nc5 25. Bxc5 Rxc5 26. Qb4 Qd6 27. Nb3 Nxd5 28. Nxc5 Nxb4 29. Rxd6 Bf8 30. Nxb7 1-0

[Event "SVK-chT1E 0708"]
[Site "Slovakia"]
[Date "2007.12.09"]
[Round "6.6"]
[White "Pitek, Lubomir"]
[Black "Dibala, Radovan"]
[Result "1/2-1/2"]
[WhiteElo "1927"]
[BlackElo "2059"]
[PlyCount "78"]
[EventDate "2007.10.13"]
[EventType "team-swiss"]
[EventRounds "11"]
[EventCountry "SVK"]
[SourceTitle "EXT 2009"]
[Source "ChessBase"]
[SourceDate "2008.11.26"]
[SourceVersion "1"]
[SourceVersionDate "2008.11.26"]
[SourceQuality "1"]
[WhiteTeam "Rajecke Teplice"]
[BlackTeam "Martin MSK"]
[WhiteTeamCountry "SVK"]
[BlackTeamCountry "SVK"]

1. e4 d5 2. exd5 Nf6 3. d4 Nxd5 4. c4 Nb6 5. Nf3 g6 6. Be2 Bg7 7. 0-0 0-0 8. Nc3 Nc6 9. Be3 e5 10. d5 Ne7 11. Qb3 Nf5 12. Rad1 Nxe3 13. fxe3 Nd7 14. e4 Nc5 15. Qa3 b6 16. b4 Nb7 17. c5 Re8 18. Bb5 Re7 19. d6 cxd6 20. c6 d5 21. Nxd5 Nd6 22. Nxe7+ Qxe7 23. Qd3 Bf8 24. Ba4 a6 25. Qd5 Be6 26. Qxe5 Nc4 27. Qc3 a5 28. bxa5 Rxa5 29. Bb3 Qc5+ 30. Kh1 Qxc6 31. Nd4 Qxe4 32. Nxe6 Ne3 33. Qd2 Nxf1 34. Rxf1 fxe6 35. Qd8 Rf5 36. Qd1 Kg7 37. Re1 Qf4 38. Bxe6 Bd6 39. g3 Qf3+ 1/2-1/2

[Event "SVK-chT2C 0607"]
[Site "Slovakia"]
[Date "2006.11.25"]
[Round "3.1"]
[White "Kollar, Vladimir"]
[Black "Dibala, Radovan"]
[Result "1-0"]
[WhiteElo "2023"]
[BlackElo "2049"]
[PlyCount "56"]
[EventDate "2006.10.14"]
[EventType "team-tourn"]
[EventRounds "11"]
[EventCountry "SVK"]
[SourceTitle "EXT 2008"]
[Source "ChessBase"]
[SourceDate "2007.11.25"]
[SourceVersion "1"]
[SourceVersionDate "2007.11.25"]
[SourceQuality "1"]
[WhiteTeam "Zilina Central"]
[BlackTeam "Martin MSK"]
[WhiteTeamCountry "SVK"]
[BlackTeamCountry "SVK"]

1. e4 d5 2. exd5 Nf6 3. d4 Nxd5 4. c4 Nb6 5. a3 e5 6. d5 c6 7. Nc3 Be7 8. Nf3 cxd5 9. cxd5 e4 10. Nxe4 Qxd5 11. Qxd5 Nxd5 12. Be2 0-0 13. 0-0 Nc6 14. Rd1 Nf6 15. Nc3 Be6 16. Be3 Bb3 17. Re1 Rfd8 18. Rac1 Ng4 19. Bf4 Bc5 20. Ne4 Bb6 21. h3 Bd5 22. Nc5 Bxc5 23. Rxc5 Nf6 24. Rd1 Bb3 25. Rdc1 Rd5 26. R5c3 Re8 27. Rxb3 Rxe2 28. Be3 Rd7 1-0

[Event "Hoogeveen Essent op"]
[Site "Hoogeveen"]
[Date "2006.10.26"]
[Round "7"]
[White "Dibala, Radovan"]
[Black "Ebels, Theo"]
[Result "1/2-1/2"]
[WhiteElo "2119"]
[BlackElo "2101"]
[PlyCount "39"]
[EventDate "2006.10.21"]
[EventType "swiss"]
[EventRounds "9"]
[EventCountry "NED"]
[SourceTitle "EXT 2007"]
[Source "ChessBase"]
[SourceDate "2006.11.23"]
[SourceVersion "1"]
[SourceVersionDate "2006.11.23"]
[SourceQuality "1"]

1. d4 d5 2. Nf3 e6 3. e3 c5 4. c4 Nc6 5. cxd5 exd5 6. Nc3 Nf6 7. Be2 Be7 8. 0-0 0-0 9. dxc5 Bxc5 10. a3 Re8 11. Qc2 Be6 12. Rd1 Qe7 13. b4 Bd6 14. Bb2 Rac8 15. Qd2 Red8 16. Bd3 Bg4 17. Be2 Be6 18. Bd3 Bg4 19. Be2 Be6 20. Bd3 1/2-1/2

[Event "SVK-chT2C 0607"]
[Site "Slovakia"]
[Date "2006.10.14"]
[Round "1.2"]
[White "Dibala, Radovan"]
[Black "Stric, Dusan"]
[Result "1/2-1/2"]
[WhiteElo "2049"]
[BlackElo "1992"]
[PlyCount "92"]
[EventDate "2006.10.14"]
[EventType "team-tourn"]
[EventRounds "11"]
[EventCountry "SVK"]
[SourceTitle "EXT 2008"]
[Source "ChessBase"]
[SourceDate "2007.11.25"]
[SourceVersion "1"]
[SourceVersionDate "2007.11.25"]
[SourceQuality "1"]
[WhiteTeam "Martin MSK"]
[BlackTeam "Banska Bystrica TH Junior"]
[WhiteTeamCountry "SVK"]
[BlackTeamCountry "SVK"]

1. d4 g6 2. g3 Bg7 3. Bg2 d6 4. Nf3 Nd7 5. 0-0 e5 6. e4 Ne7 7. Re1 0-0 8. c3 h6 9. Nbd2 exd4 10. cxd4 Kh7 11. Rb1 f5 12. b3 Nf6 13. Nh4 c6 14. Bb2 g5 15. Nxf5 Nxf5 16. exf5 Bxf5 17. Rc1 Qd7 18. Ne4 Ng4 19. h3 Nf6 20. Nxf6+ Bxf6 21. g4 Bg6 22. Be4 d5 23. Bxg6+ Kxg6 24. Qd3+ Kg7 25. Re3 Rae8 26. Rce1 Rxe3 27. fxe3 Qd6 28. Kg2 Bd8 29. e4 Qf4 30. Qe3 Qxe4+ 31. Qxe4 dxe4 32. d5+ Bf6 33. Bxf6+ Rxf6 34. Rxe4 cxd5 35. Re7+ Rf7 36. Re5 Rd7 37. Kf3 d4 38. Ke2 Kf6 39. Rf5+ Ke6 40. Kd3 Rd5 41. Rf8 Rd6 42. Rf5 Kd7 43. Re5 Kc6 44. b4 b6 45. a4 Rd5 46. Re6+ Rd6 1/2-1/2

[Event "SVK-chT2C 0506"]
[Site "Slovakia"]
[Date "2006.01.15"]
[Round "7.3"]
[White "Mocary, Metod"]
[Black "Dibala, Radovan"]
[Result "0-1"]
[WhiteElo "2096"]
[BlackElo "2116"]
[PlyCount "99"]
[EventDate "2005.10.22"]
[EventType "team-tourn"]
[EventRounds "11"]
[EventCountry "SVK"]
[SourceTitle "EXT 2009"]
[Source "ChessBase"]
[SourceDate "2008.11.26"]
[SourceVersion "1"]
[SourceVersionDate "2008.11.26"]
[SourceQuality "1"]

1. d4 Nf6 2. Bg5 Ne4 3. Bf4 d5 4. Nd2 Bf5 5. Ngf3 e6 6. e3 Nd7 7. Nxe4 Bxe4 8. Be2 c5 9. c3 Qb6 10. Qb3 c4 11. Qxb6 Nxb6 12. Bd1 Rc8 13. Kd2 a6 14. Bc2 Be7 15. h4 Bxc2 16. Kxc2 Nd7 17. Rae1 b5 18. e4 Nb6 19. Bd2 a5 20. g3 0-0 21. exd5 Nxd5 22. Ng5 b4 23. Ne4 Rb8 24. Bg5 f6 25. Bf4 Rb6 26. Nd2 Rc8 27. Rb1 Nxf4 28. gxf4 Bd6 29. f5 exf5 30. Rhe1 Kf7 31. Re2 bxc3 32. bxc3 Rxb1 33. Kxb1 h5 34. Kc2 g5 35. Re1 Kg6 36. Rg1 Bf4 37. hxg5 fxg5 38. Nf3 Re8 39. Kd1 a4 40. Nxg5 Bxg5 41. f4 h4 42. Rxg5+ Kh6 43. Rg1 Re3 44. Kd2 Rd3+ 45. Kc2 h3 46. Rg8 Kh5 47. Rg5+ Kh4 48. Rxf5 h2 49. Rf8 Kh3 50. Rh8+ 0-1

[Event "SVK Cup"]
[Site "Martin"]
[Date "2003.??.??"]
[Round "7"]
[White "Dibala, Radovan"]
[Black "Horvath, Mario"]
[Result "0-1"]
[WhiteElo "2118"]
[BlackElo "2294"]
[PlyCount "86"]
[EventDate "2003.04.??"]
[EventType "team"]
[EventRounds "7"]
[EventCountry "SVK"]
[SourceTitle "CBM 093 Extra"]
[Source "ChessBase"]
[SourceDate "2003.05.09"]
[SourceVersion "1"]
[SourceVersionDate "2003.05.09"]
[SourceQuality "1"]
[WhiteTeam "Corpora Martin B"]
[BlackTeam "Nove Zamky Bestex"]
[WhiteTeamCountry "SVK"]
[BlackTeamCountry "SVK"]

1. c4 e5 2. Nc3 Nc6 3. Nf3 g6 4. g3 Bg7 5. Bg2 Nge7 6. 0-0 0-0 7. d3 d6 8. Rb1 a5 9. a3 h6 10. b4 axb4 11. axb4 Nd4 12. e3 Ne6 13. Qb3 f5 14. Ne2 g5 15. Bb2 f4 16. exf4 gxf4 17. Ra1 Rxa1 18. Rxa1 Ng6 19. Ra8 Qf6 20. c5 Kh7 21. cxd6 cxd6 22. Nd2 Ng5 23. gxf4 Nxf4 24. Nxf4 Qxf4 25. Ne4 Nh3+ 26. Bxh3 Bxh3 27. Rxf8 Bxf8 28. Qd1 d5 29. Bc1 Qf7 30. Ng3 Bxb4 31. Bb2 Bd6 32. Qe2 Qf4 33. Qh5 Bg4 34. Qe8 Bh3 35. Qh5 Bd7 36. Bc3 b5 37. Bd2 Qf6 38. Qe2 b4 39. Qe3 Bh3 40. Qa7+ Qg7 41. Qb6 Qg4 42. Qe3 Qd1+ 43. Qe1 Qf3 0-1

[Event "SVK Cup"]
[Site "Martin"]
[Date "2003.??.??"]
[Round "6"]
[White "Vrana, Frantisek"]
[Black "Dibala, Radovan"]
[Result "1-0"]
[WhiteElo "2317"]
[BlackElo "2118"]
[PlyCount "61"]
[EventDate "2003.04.??"]
[EventType "team"]
[EventRounds "7"]
[EventCountry "SVK"]
[SourceTitle "CBM 093 Extra"]
[Source "ChessBase"]
[SourceDate "2003.05.09"]
[SourceVersion "1"]
[SourceVersionDate "2003.05.09"]
[SourceQuality "1"]
[WhiteTeam "Rajecke Teplice"]
[BlackTeam "Corpora Martin B"]
[WhiteTeamCountry "SVK"]
[BlackTeamCountry "SVK"]

1. e4 e6 2. d3 d5 3. Nd2 c5 4. Ngf3 Nc6 5. g3 Bd6 6. Bg2 Nge7 7. 0-0 0-0 8. Re1 Ng6 9. h4 d4 10. h5 Nge5 11. Nh2 Nd7 12. h6 g6 13. f4 e5 14. f5 g5 15. Nc4 Be7 16. c3 b5 17. Na3 Rb8 18. Ng4 f6 19. Qb3+ Kh8 20. Bd2 Na5 21. Qc2 Nc6 22. Rac1 Qb6 23. Nf2 a5 24. Bf1 Ba6 25. Qd1 b4 26. cxb4 Nxb4 27. Nc4 Bxc4 28. Rxc4 Nxa2 29. Qa4 Qxb2 30. Rc2 Rb4 31. Qxd7 1-0